000 00986nac a22002897a 4500
001 BR8304982
003 BR-BrBNA
005 20240105115837.0
008 230509b bl.|||m| |||| 00| 0 por d
040 _aBR-BrBNA
_bpor
_cBiblioteca Nacional de Agricultura
072 _aL73
090 _a5212 BR8304982
100 1 _aGalvao, C. de L.
100 1 _aRibeiro, M.B.
100 1 _aRodrigues, F.M.
110 1 _aEmpresa de Pesquisa Agropecuaria da Bahia, Salvador (Brasil)
_94095
245 1 _aAvaliacao de anticorpos neutralizantes para o complexo doenca das mucosas, diarreia a virus em bovinos da MRH Piemonte da Diamantina [Bahia, Brasil]
260 3 _aSalvador, BA (Brasil):
_c1983.
300 _a2 p.
490 _aPesquisa em Andamento - Empresa de Pesquisa Agropecuaria da Bahia (Brazil)
_vno. 4
_x
650 _aBOVINO
650 _aDIARREIA
650 _aANTICORPO
650 _aBAHIA
909 _a202312
_bLúcia Elande
_c55
_dLúcia Elande
942 _2AGRIS
_n0
_cMS
999 _c276672
_d276672